Mistrzynie Australian Open od 2010 roku - Statystyki

Ogólne statystyki
  • Ten quiz został rozwiązany 123 razy
  • Średni wynik to 12 z 15
Statystyki odpowiedzi
Rok Zawodniczka Narodowość % Poprawnych
2024 Aryna Sabalenka Białoruś
100%
2023 Aryna Sabalenka Białoruś
100%
2017 Serena Williams Stany Zjednoczone
92%
2015 Serena Williams Stany Zjednoczone
92%
2010 Serena Williams Stany Zjednoczone
92%
2021 Naomi Ōsaka Japonia
88%
2019 Naomi Ōsaka Japonia
88%
2018 Caroline Wozniacki Dania
79%
2016 Angelique Kerber Niemcy
73%
2022 Ashleigh Barty Australia
72%
2013 Wiktoryja Azaranka Białoruś
72%
2012 Wiktoryja Azaranka Białoruś
72%
2014 Li Na Chiny
59%
2011 Kim Clijsters Belgia
41%
2020 Sofia Kenin Stany Zjednoczone
39%
Nie znaleziono quizów pasujących do podanych kryteriów
Rozkład punktacji
Procent ludzi z każdym wynikiem
Percentyl według liczby udzielonych odpowiedzi
Twoja historia wyników
Nie rozwiązałeś tego quizu